| 000 | 00657nam a22001817a 4500 | ||
|---|---|---|---|
| 999 |
_c8071 _d8071 |
||
| 003 | AR-CdUCM | ||
| 008 | 190322b ||||| |||| 00| 0 esp d | ||
| 040 |
_aMUNICIPALIDAD PROVINCIAL DEL CUSCO _cBIBLIOTECA MUNICIPAL DEL CUSCO |
||
| 082 |
_a520 / _bR81 |
||
| 100 |
_aRoman, Colin A. _922229 |
||
| 245 |
_aEnigmas de las galaxias / _cColin A. Roman |
||
| 260 |
_aLondres : _bSalvat, _c1969. |
||
| 300 |
_a179 paginas ; _c18 cm. |
||
| 505 | _aEl tamaño del universo -- Por que brillan las estrellas -- Los instrumentos de que dispone el astrónomo -- Vida y muerte de las estrellas ... | ||
| 650 |
_aAstronomia _920961 |
||
| 942 |
_2ddc _cLIBROS |
||
| 945 | _aacrt | ||